Predvianočné útrapy

Bibliographic Details
Main Author: Stewart, Kate (Author)
Other Authors: Pavlíková, Diana (Translator), Macho, Adrián, 1982- (Bookjacket designer)
Format: Book
Language:Slovak
English
PhysicalDescription:438 strán 21 cm
Published: Bratislava Ikar a.s. 2025
ISBN:9788057502128
Subjects:

MARC

LEADER 00000cam a2200000 4500
001 vtls012287802
003 SK-MaSNL
005 20260302030254.0
008 251121s2025 xo g 010 f slo
015 |a SNBA2025/12 
020 |a 9788057502128  |q (viazané) 
040 |a SNK  |b slo  |c SNK  |e rda 
041 1 |a slo  |h eng 
044 |a xo  |c SK 
072 7 |a 821.111(73)-3  |x Americká próza  |2 konspekt 
080 |a 821.111(73)-31  |2 2011 
080 |a (0:82-312.5)  |2 2011 
100 1 |a Stewart, Kate  |4 aut  |9 676829 
240 1 4 |a The plight before Christmas  |l Slovensky 
245 1 0 |a Predvianočné útrapy  |c Kate Stewart ; preložila Diana Pavlíková 
264 1 |a Bratislava  |b Ikar a.s.  |c 2025 
300 |a 438 strán  |c 21 cm 
336 |a text  |b txt  |2 rdacontent 
337 |a bez média  |b n  |2 rdamedia 
338 |a zväzok  |b nc  |2 rdacarrier 
500 |a Preložené z angličtiny 
500 |a Obsahuje stručné biografické údaje o autorke na zadnej strane obálky publikácie 
655 7 |a americké romány  |2 SNKPH  |9 1174 
655 7 |a American novels  |2 SNKPHeng  |9 277755 
655 7 |a ľúbostné romány  |2 SNKPH  |9 70497 
655 7 |a Love novels  |2 SNKPHeng  |9 277756 
700 1 |a Pavlíková, Diana  |4 trl  |9 676830 
700 1 |a Macho, Adrián,  |d 1982-  |4 bjd  |9 113847 
852 |a Slovenská národná knižnica 
919 |a 978-80-575-0212-8 
954 |a beletria cudzojazyčná (svetová)  |2 lita 
958 |a LX 
958 |a UP 
968 |b ENG 
999 |c 1046713  |d 1048643 
952 |a SNK  |b SNK  |y PREZ  |7 0  |p 17A1582521  |o snkSC 212579  |i snk2025/18903  |8 0  |0 0  |1 0  |4 0  |d 2025-11-21  |f 1  |l 0  |r 2026-02-24 14:43:02  |w 2026-02-24 
952 |a SNK  |b SNK  |y PREZ  |7 0  |p 17A1582522  |o snkSC 212579 D1  |i snk2025/18904  |8 0  |0 0  |1 0  |4 0  |d 2025-11-21  |l 0  |r 2026-02-24 14:43:02  |w 2026-02-24